| 000 | 01001cam a2200229 4500 | ||
|---|---|---|---|
| 001 | X113213 | ||
| 008 | 000000n2001 000 0 eng u | ||
| 035 | _a(Sirsi) u113213 | ||
| 100 | _aNisbet, T. | ||
| 245 | _aCan forestry stem the flood? | ||
| 260 | _c2001 | ||
| 490 |
_aForestry and British Timber _v30(6) June 2001, 8-21(4) |
||
| 520 | _aAsks whether forestry has a role to play in reducing flooding through 'interception', the evaporation of water from the surface of the leaves during and after rainfall. Considers the interception of different forest types and how forest management practice can affect interception and flood flows, suggesting that replacing lost floodplain woodlands could provide flood retention although more research into this is needed. | ||
| 650 | _aFLOOD PREVENTION | ||
| 650 | _aFLOODING | ||
| 650 | _aFORESTS | ||
| 650 | _aFORESTRY MANAGEMENT | ||
| 650 | _aINTERCEPTION | ||
| 650 | _aWOODLANDS | ||
| 690 | _aRURAL-AGRICULTURE AND FORESTRY | ||
| 942 | _n0 | ||
| 999 |
_c67423 _d67423 |
||